Specifika terénních sociálních pracovníků z hlediska znalostí a dovedností ve světle výzkumu
Charakteristika terénnych sociálnych pracovníkov v ČR na základe výsledkov reprezentatívneho výskumu. Motivácia a hlavná činnosť terénnych sociálnych pracovníkov. Hodnotenie sociálnej práce a štandardov kvality sociálnych služieb. Vzťah ku klientom, pohľad na prednosti a nedostatky terénnych sociáln...
Saved in:
| Main Author: | |
|---|---|
| Format: | Book Chapter |
| Language: | Czech |
| Subjects: | |
| Tags: |
No Tags, Be the first to tag this record!
|
MARC
| LEADER | 00000nla a2200000 4500 | ||
|---|---|---|---|
| 001 | 0220999 | ||
| 005 | 20240417075108.3 | ||
| 041 | 0 | |a cze | |
| 044 | |a CZ | ||
| 245 | 1 | 0 | |a Specifika terénních sociálních pracovníků z hlediska znalostí a dovedností ve světle výzkumu |c Ján Mišovič |
| 520 | |a Charakteristika terénnych sociálnych pracovníkov v ČR na základe výsledkov reprezentatívneho výskumu. Motivácia a hlavná činnosť terénnych sociálnych pracovníkov. Hodnotenie sociálnej práce a štandardov kvality sociálnych služieb. Vzťah ku klientom, pohľad na prednosti a nedostatky terénnych sociálnych pracovníkov. Význam teoretických poznatkov a praktických zručností. | ||
| 610 | 2 | 0 | |a práca sociálna |
| 610 | 2 | 0 | |a pracovníci sociálni |
| 610 | 2 | 0 | |a vedomosti |
| 610 | 2 | 0 | |a zručnosti |
| 610 | 2 | 0 | |a vzdelanie |
| 610 | 2 | 0 | |a klienti |
| 610 | 2 | 0 | |a služby sociálne |
| 610 | 2 | 0 | |a výskum |
| 610 | 2 | 0 | |a Česko |
| 100 | 1 | |a Mišovič, Ján | |